[Event "Warsaw YMCA Winter-B 179th"]
[Site "Warsaw"]
[Date "2017.01.26"]
[Round "3"]
[White "Omar, Mohamed"]
[Black "Rusin, Ryszard"]
[Result "1-0"]
[WhiteElo "1760"]
[BlackElo "1772"]
[PlyCount "145"]
[EventDate "2017.01.11"]
[EventType "tourn"]
[EventRounds "11"]
[EventCountry "POL"]
[SourceTitle "EXT 2018"]
[Source "ChessBase"]
[SourceDate "2017.10.13"]
[SourceVersion "1"]
[SourceVersionDate "2017.10.13"]
[SourceQuality "1"]

1. Nf3 d5 2. g3 Nf6 3. Bg2 c5 4. 0-0 Nc6 5. d3 e6 6. Nbd2 Be7 7. e4 d4 8. a4 0-0 9. Nc4 b6 10. Bg5 Bb7 11. e5 Nd5 12. Bxe7 Qxe7 13. Re1 Ba6 14. Nfd2 Rad8 15. Qh5 f5 16. exf6 Rxf6 17. Ne5 Nxe5 18. Qxe5 Qf7 19. Re2 Rf8 20. Rf1 Nb4 21. Nc4 Bxc4 22. dxc4 d3 23. cxd3 Nxd3 24. Qe3 Nb4 25. Bh3 Re8 26. Bg2 Qg6 27. Be4 Qh5 28. Rd1 Rf7 29. f4 Qh6 30. Rd6 Qh3 31. Qd2 g6 32. Rd7 Ref8 33. Qd6 Qg4 34. Rxf7 Rxf7 35. Qd2 Kg7 36. Bg2 Qf5 37. Be4 Qf6 38. Bg2 h6 39. h4 h5 40. Kh2 Re7 41. Re5 Qf7 42. Qe2 Qe8 43. Be4 Kf6 44. Rg5 Rg7 45. Qf3 Qd7 46. a5 Qd2+ 47. Kh3 Nc2 48. Bxc2 Qxc2 49. axb6 axb6 50. f5 gxf5 51. Qxh5 Rxg5 52. hxg5+ Ke7 53. Qh7+ Kd6 54. g6 Qxc4 55. Qh5 Qf1+ 56. Kh4 f4 57. g7 Qh1+ 58. Kg5 Qd5+ 59. Kh6 e5 60. gxf4 Qg8 61. Qxe5+ Kc6 62. f5 Kb7 63. Qe7+ Ka6 64. Qf8 Qc4 65. g8Q Qh4+ 66. Kg6 Qg4+ 67. Kh7 Qh5+ 68. Qh6 Qxf5+ 69. Qgg6 Qd7+ 70. Qhg7 Qh3+ 71. Kg8 Qc8+ 72. Qf8 Qb7 73. Qf1+ 1-0

[Event "Warsaw YMCA Autumn-B 175th"]
[Site "Warsaw"]
[Date "2016.11.30"]
[Round "11"]
[White "Kolodziejczyk, Andrzej"]
[Black "Omar, Mohamed"]
[Result "1-0"]
[WhiteElo "1799"]
[BlackElo "1886"]
[PlyCount "51"]
[EventDate "2016.09.22"]
[EventType "tourn"]
[EventRounds "13"]
[EventCountry "POL"]
[SourceTitle "EXT 2019"]
[Source "ChessBase"]
[SourceDate "2018.10.10"]
[SourceVersion "1"]
[SourceVersionDate "2018.10.10"]
[SourceQuality "1"]

1. e4 Nf6 2. e5 Nd5 3. d4 d6 4. c4 Nb6 5. exd6 exd6 6. Nc3 Nc6 7. Be3 Bf5 8. Nf3 Be7 9. Be2 0-0 10. 0-0 Bg4 11. b3 Re8 12. h3 Bh5 13. Rc1 Bf6 14. Qd2 a5 15. Rfd1 h6 16. c5 Nc8 17. Nd5 Nb4 18. Nf4 Bxf3 19. Bxf3 c6 20. a3 Na6 21. d5 cxd5 22. Qxd5 Re7 23. Rc2 Qe8 24. cxd6 Rxe3 25. d7 Re1+ 26. Kh2 1-0

[Event "Warsaw YMCA Autumn-B 175th"]
[Site "Warsaw"]
[Date "2016.10.06"]
[Round "3"]
[White "Omar, Mohamed"]
[Black "Trybula, Agata"]
[Result "1/2-1/2"]
[WhiteElo "1886"]
[BlackElo "1693"]
[PlyCount "166"]
[EventDate "2016.09.22"]
[EventType "tourn"]
[EventRounds "13"]
[EventCountry "POL"]
[SourceTitle "EXT 2019"]
[Source "ChessBase"]
[SourceDate "2018.10.10"]
[SourceVersion "1"]
[SourceVersionDate "2018.10.10"]
[SourceQuality "1"]

1. b3 Nf6 2. Bb2 e6 3. f4 b6 4. Nf3 Bb7 5. e3 c5 6. Be2 Be7 7. 0-0 0-0 8. d3 d5 9. Qe1 Nbd7 10. Qg3 g6 11. Nbd2 Nh5 12. Qh3 Bf6 13. Ne5 Bxe5 14. fxe5 Ng7 15. Bf3 Qg5 16. Rae1 Nxe5 17. Qg3 Qxg3 18. hxg3 Nxf3+ 19. gxf3 Nf5 20. Kf2 d4 21. Nc4 b5 22. e4 Nxg3 23. Kxg3 bxc4 24. bxc4 e5 25. Rb1 Rac8 26. Bxd4 Bxe4 27. Bxe5 Bf5 28. Rb7 Rfe8 29. Re1 a6 30. Rb6 Ra8 31. Rc6 Rec8 32. Rxc8+ Rxc8 33. Rb1 h5 34. Rb6 Re8 35. Bf6 Kh7 36. Kf2 Bc8 37. Rc6 Bb7 38. Rc7 Re6 39. Rxf7+ Kg8 40. Rxb7 Rxf6 41. Rc7 Rb6 42. Rxc5 Rb2 43. Ra5 Rxc2+ 44. Kg3 Rd2 45. Rxa6 Kf7 46. Rd6 Rxa2 47. f4 Rc2 48. Rd4 Ke6 49. Re4+ Kf5 50. Re5+ Kf6 51. c5 Rc3 52. Rd5 Ke6 53. Rd6+ Ke7 54. Kf3 Rxc5 55. Rxg6 Kf7 56. Rg1 Kf6 57. Rg2 Rd5 58. Ke3 h4 59. Rh2 Rh5 60. Kf3 Kf5 61. Ra2 Rh8 62. Ra5+ Kf6 63. Ra2 Kf5 64. d4 Rd8 65. Ra5+ Kg6 66. Ke4 Re8+ 67. Re5 Rh8 68. Re6+ Kf7 69. Ra6 h3 70. Ra1 Kf6 71. d5 Re8+ 72. Kf3 Kf5 73. Rg1 Rh8 74. Kg3 Ke4 75. d6 Rg8+ 76. Kh2 Rd8 77. Rf1 Rxd6 78. Kxh3 Kf5 79. Rf3 Rd4 80. Kg3 Re4 81. Ra3 Re8 82. Ra5+ Kf6 83. Kf3 Re1 1/2-1/2